000 00341nam a22001457a 4500
020 _a81-7862-400-1
082 _a001
_bDAT/R
100 _aDATTA,NEETA
245 _aREFORMERS AND POLITICIANS
250 _aFIRST
260 _aNEW DELHI
_bSTERLING PRESS
_c2005
300 _a48
650 _aREFORMERS AND POLITICIANS
_zNEW DELHI
942 _cBK
999 _c6670
_d6670